Problems in implementing roadway pricing : (Record no. 543282)

000 -LEADER
fixed length control field 00760cam a2200181 i 4500
020 ## - INTERNATIONAL STANDARD BOOK NUMBER
International Standard Book Number 0309022827 :
082 00 - DEWEY DECIMAL CLASSIFICATION NUMBER
Classification number 388.114
Author Mark NAT
110 2# - MAIN ENTRY--CORPORATE NAME
Corporate name or jurisdiction name as entry element National Research Council (U.S.).
9 (RLIN) 20017
245 10 - TITLE STATEMENT
Title Problems in implementing roadway pricing :
Remainder of title 5 reports prepared for the 53rd annual meeting of the Highway Research Board.
260 ## - PUBLICATION, DISTRIBUTION, ETC.
Place of publication, distribution, etc. Washington :
Name of publisher, distributor, etc. Transportation Research Board, National Research Council,
Date of publication, distribution, etc. 1974.
300 ## - PHYSICAL DESCRIPTION
Extent iv, 35 p. :
Other physical details ill. ;
Dimensions 25 cm.
526 ## - STUDY PROGRAM INFORMATION NOTE
Program name 0
Interest level 0
Reading level 0
Title point value 388_114000000000000_NAT
650 #0 - SUBJECT ADDED ENTRY--TOPICAL TERM
Topical term or geographic name entry element Automobile parking
General subdivision Taxation
Geographic subdivision United States
General subdivision Congresses.
9 (RLIN) 38654
650 #0 - SUBJECT ADDED ENTRY--TOPICAL TERM
Topical term or geographic name entry element MCE
9 (RLIN) 379
650 #0 - SUBJECT ADDED ENTRY--TOPICAL TERM
Topical term or geographic name entry element Toll roads
Geographic subdivision United States
General subdivision Congresses.
9 (RLIN) 38655
650 #0 - SUBJECT ADDED ENTRY--TOPICAL TERM
Topical term or geographic name entry element Traffic regulations
Geographic subdivision United States
General subdivision Congresses.
9 (RLIN) 38656
942 ## - ADDED ENTRY ELEMENTS (KOHA)
Source of classification or shelving scheme
Koha item type Book
Holdings
Withdrawn status Lost status Source of classification or shelving scheme Damaged status Not for loan Permanent Location Current Location Date acquired Total Checkouts Full call number Barcode Date last seen Price effective from Koha item type
          Military College of Engineering (MCE) Military College of Engineering (MCE) 03/19/2014   388.114 nat MCE-42240 03/19/2014 03/14/2021 Book
© 2023 Central Library, National University of Sciences and Technology. All Rights Reserved.